Italian desserts by Images - Statistics

General Stats
  • This quiz has been taken 89 times
  • The average score is 6 of 16
Answer Stats
Picture Answer % Correct
Tiramisu
99%
Gelato
94%
Cannoli
82%
Panna Cotta
61%
Panettone
58%
Biscotti
55%
Affogato
40%
Pandoro
26%
Torrone
18%
Struffoli
17%
Zeppole
16%
Sfogliatelle
14%
Taralli
14%
Bombolone
5%
Semifreddo
4%
Ricciarelli
1%
No matching quizzes found
Score Distribution
Percent of People with Each Score
Percentile by Number Answered
Your Score History
You have not taken this quiz